000
00328nam a2200133Ia 4500
005
20251222143225.0
008
251222s9999||||xx |||||||||||||| ||spa||
020
_a
970-10-6256-6
082
_a
909/S75
100
_a
Spielvagel, Jackson J.
245
0
_a
Historia Universal
264
_b
McGraw-Hill Interamericana
942
_c
LIB
999
_c
13954
_d
13954